Facing the housing challenge (Record no. 108509)
[ view plain ]
| 000 -LEADER | |
|---|---|
| fixed length control field | 02770cad a22002895a 4500 |
| 001 - CONTROL NUMBER | |
| control field | L144434 |
| 008 - FIXED-LENGTH DATA ELEMENTS--GENERAL INFORMATION | |
| fixed length control field | 110419s20080716xxk f f000 0 eng d |
| 035 ## - SYSTEM CONTROL NUMBER | |
| System control number | (Sirsi) u144434 |
| 041 0# - LANGUAGE CODE | |
| Language code of text/sound track or separate title | eng |
| 050 04 - LIBRARY OF CONGRESS CALL NUMBER | |
| Classification number | 306 $2 18 |
| 110 2# - MAIN ENTRY--CORPORATE NAME | |
| Corporate name or jurisdiction name as entry element | United Kingdom |
| Subordinate unit | Department for Communities and Local Government |
| 9 (RLIN) | 4939 |
| 245 00 - TITLE STATEMENT | |
| Title | Facing the housing challenge |
| Remainder of title | action today, innovation for tomorrow |
| Medium | [electronic resource] |
| 260 ## - PUBLICATION, DISTRIBUTION, ETC. | |
| Place of publication, distribution, etc. | London |
| Name of publisher, distributor, etc. | OPSI |
| Date of publication, distribution, etc. | 2008 |
| 505 2# - FORMATTED CONTENTS NOTE | |
| Formatted contents note | One year on: progress and challenges: A record of achievement -- but there are challenges ahead. -- The government's objectives over the next year -- Flexibility and innovation -- Support for a robust, vibrant and diverse housebuilding sector -- A renewed role for local government |
| 505 2# - FORMATTED CONTENTS NOTE | |
| Formatted contents note | Responding to uncertain times: mitigating the effects: Help for first time buyers and young families -- Next steps -- Help and advice for existing homeowners -- Next steps -- Maintaining the delivery of affordable homes |
| 505 2# - FORMATTED CONTENTS NOTE | |
| Formatted contents note | Setting the conditions for greater long-term stability and resilience in housing supply -- More and better homes for first time buyers, social tenants and the wider community -- Growth programmes -- Eco-towns -- Rural housing -- A better deal for those who rent -- Support for homeowners - mortgage rescue schemes -- Supporting a robust sector - strengthening delivery capacity in the medium term -- Making best use of public land -- Stronger local leadership -- Planning for the longer term -- |
| 505 2# - FORMATTED CONTENTS NOTE | |
| Formatted contents note | Annex: government action to assist first-time buyers, existing homeowners and the development industry |
| 520 ## - SUMMARY, ETC. | |
| Summary, etc. | Document sets out some immediate steps being taken by the government in response to the current housing market, several of which are focused around redressing the balance of housing affordability. Measures include a new scheme to support first time buyers into affordable home ownership by renting first and buying later; the launch of the first local housing companies, ensuring that local authorities once again play a central role in delivering new housing and confirming that funding beyond the £200m already allocated to buy unsold stock from housebuilders for affordable homes could be made available to housebuilders for the purchase of suitable properties. |
| 521 ## - TARGET AUDIENCE NOTE | |
| Target audience note | Advanced |
| 590 ## - LOCAL NOTE (RLIN) | |
| Local note | KA NTK |
| 650 24 - SUBJECT ADDED ENTRY--TOPICAL TERM | |
| Topical term or geographic name entry element | GREEN PAPER HOMES FOR THE FUTURE: MORE AFFORDABLE, MORE SUSTAINABLE |
| 650 24 - SUBJECT ADDED ENTRY--TOPICAL TERM | |
| Topical term or geographic name entry element | CALLCUTT REVIEW OF HOUSE BUILDING DELIVERY |
| 651 #4 - SUBJECT ADDED ENTRY--GEOGRAPHIC NAME | |
| Geographic name | England and Wales |
| Chronological subdivision | 1543- |
| 690 ## - LOCAL SUBJECT ADDED ENTRY--TOPICAL TERM (OCLC, RLIN) | |
| Topical term or geographic name as entry element | Residential property |
| 9 (RLIN) | 6266 |
| 856 40 - ELECTRONIC LOCATION AND ACCESS | |
| Uniform Resource Identifier | <a href="https://tna.europarchive.org/20100519231624/http://www.communities.gov.uk/publications/housing/facinghousingchallenge">https://tna.europarchive.org/20100519231624/http://www.communities.gov.uk/publications/housing/facinghousingchallenge</a> |
| Public note | View the item free of charge at http://tna.europarchive.org |
| 942 ## - ADDED ENTRY ELEMENTS (KOHA) | |
| Suppress in OPAC | 0 |
| Withdrawn status | Lost status | Source of classification or shelving scheme | Damaged status | Not for loan | Home library | Current library | Shelving location | Date acquired | Total Checkouts | Full call number | Barcode | Date last seen | Copy number | Price effective from | Koha item type |
|---|---|---|---|---|---|---|---|---|---|---|---|---|---|---|---|
| Dewey Decimal Classification | Virtual | Virtual | Online | 21/07/2008 | ONLINE PUBLICATION | 144434-1001 | 06/08/2019 | 1 | 06/08/2019 | Book |